000 00648nam a2200241Ia 4500
003 OSt
005 20221005125935.0
006 a|||||r|||| 00| 0
007 ta
008 221004b |||||||| |||| 00| 0 eng d
024 _a39074
037 _cTextual
040 _aCRL
_cCRL
_beng
041 _2eng
_aeng
082 _aO:3M16:4, F0.4
100 _aBronte Charlotte
245 0 _aProfessor, etc
260 _c1920
490 _aLife and works of Charlotte Bronte and her sisters, Haworth edition; 4
650 _aENGLISH LITERATURE
942 _hO:3M16:4, F0.4
_cTEXL
_2cc
999 _c1055570
_d1055570